Conduct of American diplomacy.

Bibliographic Details
Main Author: Plischke, Elmer, 1914-2005
Format: Book
Language:English
Published: Princeton, N.J. : Van Nostrand, [1961]
Edition:2d ed.
Series:Van Nostrand political science series.
Subjects:

MARC

Tag First Indicator Second Indicator Subfields
LEADER 00000cam a2200000 4500
001 in00000072185
005 20151008052434.0
008 721130s1961 nju b 00000 eng u
010 |a  61008541  
035 |a (OCoLC)00504840 
035 |9 AAH3343AM 
040 |c WSU  |d TXA  |d UtOrBLW 
049 |a TXAM  |c [345547] 
050 0 |a JX1407  |b .P58 1961 
092 |a 341.7  |b P728c, 1961 
100 1 |a Plischke, Elmer,  |d 1914-2005. 
245 1 0 |a Conduct of American diplomacy. 
250 |a 2d ed. 
264 1 |a Princeton, N.J. :  |b Van Nostrand,  |c [1961] 
300 |a 660 pages 
336 |a text  |b txt  |2 rdacontent 
337 |a unmediated  |b n  |2 rdamedia 
338 |a volume  |b nc  |2 rdacarrier 
490 1 |a Van Nostrand political science series 
504 |a Includes bibliography. 
651 0 |a United States  |x Foreign relations administration. 
650 0 |a Diplomatic and consular service, American. 
830 0 |a Van Nostrand political science series. 
999 |a MARS 
999 f f |s 479d9587-b172-3412-9310-5e9b85ec2943  |i b453882c-dacd-3172-bb14-71fff61a7aee  |t 0 
952 f f |p ric  |a Texas A&M University  |b Rellis Campus  |c Joint Library Facility  |d Remote Storage  |t 0  |e JX1407 .P58 1961  |h Library of Congress classification  |i unmediated -- volume  |m A14800785681 
998 f f |a JX1407 .P58 1961  |t 0  |l Remote Storage